Zwycięzcy najlepszych lig europejskich w sezonie 22/23 - Statystyki

Ogólne statystyki
  • Ten quiz został rozwiązany 224 razy
  • Średni wynik to 6 z 7
Statystyki odpowiedzi
Wskazówki Odpowiedzi % Poprawnych
La Liga Barcelona
99%
Premier league Manchester City
98%
Bundesliga Bayern
96%
Ligue 1 PSG
96%
Seria A Napoli
89%
Liga Nos Benfica
70%
Eredivisie Feyenoord
52%
Nie znaleziono quizów pasujących do podanych kryteriów
Rozkład punktacji
Procent ludzi z każdym wynikiem
Percentyl według liczby udzielonych odpowiedzi
Twoja historia wyników
Nie rozwiązałeś tego quizu